Segon gran premi de Barcelona : campionats d'Espanya 1934 : curses internacionals de motos i side-cars : [programa oficial] campionats d'Espanya 1934 :
Descripción Física:
[64] p. ; 22 cm
MARC
| LEADER | 00000nam a2200000Ia 4500 | ||
|---|---|---|---|
| 001 | 16246 | ||
| 008 | 160829s1934?] xx 000 0 cat d | ||
| 080 | |a P-1-46 | ||
| 100 | |a Moto Club de Catalunya |9 46636 | ||
| 245 | |a Segon gran premi de Barcelona : |b campionats d'Espanya 1934 : |b curses internacionals de motos i side-cars : |b [programa oficial] | ||
| 260 | |a [S.l. : |b s.n., |c 1934?] | ||
| 300 | |a [64] p. ; |c 22 cm | ||
| 590 | |a Prové de 4030, exp. 47 | ||
| 650 | |a Curses de motocicletes |x Barcelona |x Programes |9 46637 | ||
| 901 | |a Arxiu | ||
| 942 | |n 1 | ||
| 952 | |0 0 |1 0 |4 0 |6 P146 |7 1 |9 53345 |a Arxiu |b Arxiu |d 2016-12-01 |l 0 |o P-1-46 |p 16246 |r 2016-12-01 00:00:00 |w 2016-12-01 |y ARXIU | ||
| 999 | |c 57210 |d 57210 | ||